| 000 | 00456nam a2200181Ia 4500 | ||
|---|---|---|---|
| 008 | 151213s9999 xx 000 0 und d | ||
| 020 | _a978-0-07-066703-7 | ||
| 082 |
_a658 _b658 |
||
| 100 | _aDonald J Bouersox | ||
| 245 |
_aSupply Chamin Logistics Management _cDonald J Bouersox |
||
| 250 | _a2nd | ||
| 260 |
_aDelhi _bTata _c2007 |
||
| 300 | _a8880 p. | ||
| 650 | _aManagement | ||
| 650 | _aManagement | ||
| 700 | _aDonald J Bouersox | ||
| 999 |
_c4664 _d4664 |
||